|
|
|
|
| LEADER |
00000nam a22000007a 4500 |
| 005 |
20111006100440.0 |
| 008 |
111006s2011 ck |||||s|||| 00||0 spa d |
| 020 |
|
|
|a 978-958-8675-90-9
|
| 035 |
|
|
|a 5770
|
| 040 |
|
|
|a vLex
|
| 090 |
|
|
|c 2619
|d 2619
|
| 100 |
1 |
|
|a Minervini, Nicola
|
| 245 |
1 |
0 |
|a Consorcios de exportacin̤
|h [Recurso electrn̤ico] :
|b Cm̤o (no) hacerlo /
|c Nicola Minervini
|
| 256 |
|
|
|a Servicio en ln̕ea.
|
| 260 |
|
|
|a Bogot ̀:
|b Ediciones de la U,
|c 2011
|
| 300 |
|
|
|a 1 recurso electrn̤ico
|
| 506 |
1 |
|
|a Contenido solo disponible en los productos indicados
|d vLex Global
|d vLex Global (Academic Edition, excluding Law Schools)
|d vLex Global (U.S. Academic Edition, Law Schools)
|d vLex Global (U.S. Academic Edition, excluding Law Schools)
|d vLex Global (Academic Edition, Law Schools)
|
| 650 |
0 |
4 |
|a Consorcis
|z Colombia
|
| 740 |
0 |
|
|a vLex Libros (Servicio en ln̕ea)
|
| 856 |
4 |
0 |
|u http://vlex.com/source/5770
|z Acceso restringido
|
| 942 |
|
|
|c BOOK
|